| 000 | 00585nam a2200241Ia 4500 | ||
|---|---|---|---|
| 003 | OSt | ||
| 005 | 20230511135524.0 | ||
| 008 | 210423s2014 xx 000 0 und d | ||
| 020 | _a978-93-325-1904-6 | ||
| 040 | _cAL | ||
| 041 | _aeng | ||
| 082 | _a547 BRUO | ||
| 100 |
_aBRUICE (Paula Y) _9102997 |
||
| 245 | _aOrganic chemistry Ed 7 | ||
| 250 | _a7 | ||
| 260 |
_aNew Delhi _bPearson _c2014 |
||
| 300 |
_a1336p _bPB |
||
| 365 |
_b1045 _cINR |
||
| 650 |
_aChemistry _9102998 |
||
| 650 |
_aOrganic Chemistry _9102999 |
||
| 906 | _achemistry ; Ed ; Organic | ||
| 942 |
_2ddc _cBK |
||
| 999 |
_c165979 _d165979 |
||